000 01905cam a2200361 4500
001 13116
003 OCoLC
005 20250714131702.0
008 720526s1953 enk d 000 0 eng
010 _a53013531
015 _aGB5308437
_2bnb
015 _aGB538437
_2bnb
020 _a0582525268
020 _a9780582525269
035 _a(OCoLC)00318957
_z(OCoLC)966389873
_z(OCoLC)973932168
_z(OCoLC)979910669
_z(OCoLC)980212667
_z(OCoLC)1001102233
_z(OCoLC)1006253509
_z(OCoLC)1082964097
_z(OCoLC)1113568340
_z(OCoLC)1116529965
_z(OCoLC)1124107900
_z(OCoLC)1160690832
_z(OCoLC)1172333002
_z(OCoLC)1181388414
_z(OCoLC)1184652881
_z(OCoLC)1221673045
_z(OCoLC)1223636522
_z(OCoLC)1223687914
_z(OCoLC)1239626429
_z(OCoLC)1243846557
_z(OCoLC)1262030109
_z(OCoLC)1274596781
040 _aDLC
_beng
_cWSU
_dSER
_dUKM
_dOCL
_dOCLCQ
_dNLGGC
_dLVB
_dHIL
_dGBVCP
_dOCLCF
_dOCLCQ
_dTXA
_dOCLCO
_dFC@
_dEZ9
_dUEJ
_dUKUOY
_dOCLCQ
_dPAU
_dOCLCQ
_dUKMGB
_dS2H
_dOCLCQ
_dSXB
_dERL
_dIL4J6
_dOCLCO
_dOCL
_dOCLCQ
_dOCLCO
_dOCLCL
_dOCLCQ
_dBSULIB
050 1 4 _aPE1691
_b.W4 1953
082 0 4 _a423
_bWES
100 1 _aWest, Michael
_925503
245 1 2 _aA general service list of English words,
_bwith semantic frequencies and a supplementary word-list for the writing of popular science and technology
250 _a[Rev. and enl. ed.]
260 _aLondon,
_aNew York,
_bLongmans, Green
_c[1953]
300 _axiii, 588 pages
_c23 cm
530 _aAlso issued online
650 0 _aEnglish language
_vGlossaries, vocabularies, etc
_925504
650 0 _aEnglish language
_xSemantics
_918461
650 0 _aEnglish language
_xWord frequency
_925505
650 0 _aVocabulary
_916002
650 2 _aVocabulary
_916002
653 _aEnglish language -- Glossaries, vocabularies, etc
776 0 8 _iOnline version:
_aWest, Michael.
_tGeneral service list of English words.
_b[Rev. and enl. ed.].
_dLondon, New York, Longmans, Green [1953]
_w(OCoLC)592389482
942 _2ddc
_cBK
999 _c13116
_d13116